Statistiques concernant Records de l'équipe de France de rugby à XV.

Cliquez ici pour prendre le quiz!

Statistiques générales

  • Ce quiz a été pris 701 fois
    (609 depuis la dernière actualisation)
  • Le résultat moyen est 9 sur 13

Statistiques - réponses

Réponses% Correct
Angleterre
97%
Nouvelle-Zélande
94%
10 Grand Chelems
82%
14 victoires
82%
Namibie
82%
Finale
80%
Thierry Dusautoir
69%
Frédéric Michalak
65%
26 Tournois
62%
Serge Blanco
62%
Fabien Pelous
52%
Bernard Laporte
48%
Jean-Patrick Lescarboura
4%

Distribution des résultats

Percentile par nombre de réponses

% des personnes avec chaque résultat

Votre développement - résultats

Vous n’avez pas pris ce quiz depuis la dernière actualisation